000 00965nam a2200265 4500
001 108952
003 ES-MaACL
005 20230906184739.0
007 t|
008 061121s1986 sp r ||||1| spa d
020 _a84-7214-350-3
100 1 _aMoore, Patrick.
_982823
245 1 3 _aLa luna /
_cPatrick Moore ; mapas por Charles A. Cross , prefacio por el profesor Archie E. Roy ; [ traducción Manuel Sanroma Lucía].
250 _a[1.ª ed.].
260 _aMadrid :
_bBlume,
_c1986.
300 _a96 p. :
_bil. col. y neg. ;
_c29 cm.
490 1 _aBiblioteca de atlas astronómicos para observadores profesionales y aficionados
500 _aIndices.
700 1 _aCross, Charles A.
_941712
700 1 _aRoy, Archie E.
_9100195
700 1 _aSanroma Lucía, Manuel.
_9103199
830 0 _aBiblioteca de atlas astronómicos para observadores profesionales y aficionados
_9185700
852 _aES-MaACL
_jL-11370
_bR.112855
999 _c108952
_d108952